Seven Dwarfs - Sudden Death - Statistics

General Stats
  • This quiz has been taken 1,967 times
    172 since last reset
  • The average score is 6 of 8
Answers on the Grid
Answers color-coded by a green-red scale on the quiz's grid according to % correct below.
Bashful
Charming
Cristiano
Dewey
Disney
Doc
Donatello
Dopey
Dorky
Fatso
Goofy
Goopy
Grumpy
Happy
Huey
Leonardo
Loopy
Louie
Ludwig
Michaelangelo
Mickey
Raphael
Scooby
Shaggy
Shrek
Sleepy
Sleepy
Sneaky
Sneezy
Sparkly
 
Answer Stats
Answer % Correct
Bashful
89%
Grumpy
83%
Sneezy
81%
Dopey
80%
Doc
75%
Happy
69%
Sleepy
68%
Sleepy
64%
No matching quizzes found
Score Distribution
Percent of People with Each Score
Percentile by Number Answered
Your Score History
You have not taken this quiz since the last reset